[Event "DEN-ch Kort 2 B"]
[Site "Skorping"]
[Date "2014.04.17"]
[Round "1"]
[White "Lenskjaer, Stig"]
[Black "Simonsen, Poul Erik"]
[Result "0-1"]
[WhiteElo "1461"]
[BlackElo "1000"]
[PlyCount "45"]
[EventDate "2014.04.17"]
[EventType "swiss"]
[EventRounds "5"]
[EventCountry "DEN"]
[SourceTitle "EXT 2023"]
[Source "ChessBase"]
[SourceDate "2022.10.05"]
[SourceVersion "1"]
[SourceVersionDate "2022.10.05"]
[SourceQuality "1"]

1. e4 e5 2. Nc3 Nf6 3. Bc4 Bc5 4. h3 a6 5. a4 Nc6 6. d3 h6 7. Nd5 d6 8. Nf3 0-0 9. c3 Be6 10. b4 Ba7 11. Bd2 Bxd5 12. exd5 Ne7 13. Qb3 Qd7 14. b5 a5 15. g4 Ng6 16. Qc2 Rae8 17. Be3 Bxe3 18. fxe3 e4 19. Nd4 exd3 20. Qxd3 Ne5 21. Qe2 Nxc4 22. Qxc4 Kh8 23. Kd2 0-1